Città della Croazia - Morte improvvisa - Statistics

Statistiche generali
  • Questo quiz è stato fatto 156 volte
  • Il punteggio medio è 5 su 16
Answers on the Grid
Answers color-coded by a green-red scale on the quiz's grid according to % correct below.
Bastia
Capodistria
Cattaro
Cherso
Durazzo
Fiume
Gorizia
Karlovac
Leopoli
Lubiana
Lussinpiccolo
Međugorje
Mostar
Neum
Novaglia
Osijek
Parenzo
Pola
Portorose
Postumia
Ragusa
Scutari
Sebenico
Slavonski Brod
Trieste
Umago
Valona
Veglia
Villaco
Zagabria
Zara
Zaravecchia
 
Statistiche sulle risposte
Risposta % Corretto
Zagabria
70%
Fiume
67%
Zara
55%
Ragusa
41%
Pola
38%
Osijek
30%
Zaravecchia
27%
Karlovac
26%
Sebenico
24%
Umago
24%
Parenzo
23%
Lussinpiccolo
21%
Novaglia
18%
Slavonski Brod
18%
Cherso
17%
Veglia
17%
Nessun quiz corrispondente trovato
Distribuzione punteggi
Percentuale di utenti per punteggio
Percentile per numero di risposta
I tuoi punteggi nel tempo
Non hai fatto questo quiz